| 000 | 00782nam a22003017a 4500 | ||
|---|---|---|---|
| 001 | 0175 | ||
| 003 | DO-SdBNP | ||
| 005 | 20160316101507.0 | ||
| 007 | 0175 | ||
| 008 | 151005b 200 2006 sp 00| 0 spa d | ||
| 020 | _a8466627723 | ||
| 020 | _a8477224056 | ||
| 040 |
_aBPMSU _bspa _cBPMSU |
||
| 092 |
_aXXXX _bXXXX |
||
| 100 | 1 | _aIbáñez, F. | |
| 245 | 1 | 0 |
_aBajo el bramido del trueno / _cF. Ibáñez |
| 260 |
_aBarcelona : _bEdiciones B, _c2006. |
||
| 300 |
_a46 p : _bil. _c30cm. |
||
| 490 | 1 | _aMortadelo y Filemón | |
| 490 | 1 |
_aMagos del humor _v112 |
|
| 500 | _aLibro de pasta dura | ||
| 500 | _aIncluye datos biografícos del autor | ||
| 830 | 0 | _aMortadelo y Filemón | |
| 830 | 0 |
_aMagos del humor _n112 |
|
| 910 | _a144 | ||
| 942 |
_2ddc _cBK |
||
| 956 | _aYngrid Lockward | ||
| 999 |
_c9256 _d9256 |
||